LEADER 00971das0 2200265 450 001 000005312 005 20090127115943.0 011 $a1016-6114 100 $a20040223b19882006km-y0itay50------ba 101 0 $afre 102 $aFR 110 $aaka----0--- 200 1 $aAnnual report of the BIPM Time Section$dRapport annuel de la Section du temps du BIPM$fBureau international des poids et mesures BIPM BIPM Time Section Section du temps du BIPM 210 $aSevres$cBureau international des poids et mesures$d1988-2006 215 $afascicoli 305 $aPOI: BIPM annual report on time activities 326 $aAnnuale 430 0$1001000005004 610 1 $aMisure 712 02$aBureau international des poids et mesures BIPM BIPM Time Section Section du temps du BIPM 801 0$aIT$bUNIPARTHENOPE$gRICA$2UNIMARC 912 $a000005312 958 $a1988-1997; 1999-2005$cDSA 996 $aAnnual report of the BIPM Time Section$91206048 997 $aUNIPARTHENOPE